000 00320nam a2200121Ia 4500
008 220217s9999||||xx |||||||||||||| ||und||
082 _a004 KUM
100 _aKumar, Pramod
_95444
245 0 _aElements of computer science
260 _aKhanna publishers
_bDelhi
_c2002
300 _b60
650 _aCOMPUTER SCIENCE
999 _c176389
_d176389